Un grand éducateur moderne (Record no. 140822)

MARC details
000 -LEADER
campo de control de longitud fija 00777nam a2200217 i 4500
001 - NÚMERO DE CONTROL
campo de control 140822
003 - IDENTIFICADOR DE NÚMERO DE CONTROL
campo de control ES-MaACL
005 - FECHA Y HORA DE LA ÚLTIMA TRANSACCIÓN
campo de control 20250828004907.0
007 - CAMPO FIJO DE DESCRIPCIÓN FÍSICA--INFORMACIÓN GENERAL
campo de control de longitud fija t|
008 - DATOS DE LONGITUD FIJA--INFORMACIÓN GENERAL
campo de control de longitud fija 070917s1929 fr ||||1| fre d
100 0# - ENTRADA PRINCIPAL--NOMBRE DE PERSONA
Nombre de persona Wells, H. G.,
Fechas asociadas al nombre 1866-1946
9 (RLIN) 116458
245 14 - MENCIÓN DEL TÍTULO
Título Un grand éducateur moderne
Resto del título : Sanderson, directeur du College d'Oundle /
Mención de responsabilidad, etc. H. G. Wells ; traduit de l'anglais par M. Burts ; preface de Paul Lapie.
260 ## - PUBLICACIÓN, DISTRIBUCIÓN, ETC.
Lugar de publicación, distribución, etc. Paris :
Nombre del editor, distribuidor, etc. [s.n.],
Fecha de publicación, distribución, etc. 1929 (
Fabricante Presses Universitaires de France)
300 ## - DESCRIPCIÓN FÍSICA
Extensión 240 p. ;
Dimensiones 19 cm.
600 14 - PUNTO DE ACCESO ADICIONAL DE MATERIA--NOMBRE DE PERSONA
Nombre de persona Sanderson, Frederick William (
Fechas asociadas al nombre 1857-1922)
9 (RLIN) 153741
650 07 - PUNTO DE ACCESO ADICIONAL DE MATERIA--TÉRMINO DE MATERIA
Término de materia o nombre geográfico como elemento de entrada Pedagogía
Fuente del encabezamiento o término embne
9 (RLIN) 15904
700 1# - ENTRADA AGREGADA--NOMBRE PERSONAL
Nombre de persona Burts, M.
9 (RLIN) 32794
700 1# - ENTRADA AGREGADA--NOMBRE PERSONAL
Nombre de persona Lapie, Paul.
9 (RLIN) 70152
852 ## - LOCALIZACIÓN
Ubicación ES-MaACL
Número de control de estantería B-3681
Holdings
Estatus retirado Estado de pérdida Estado de daño No para préstamo Biblioteca de origen Biblioteca actual Ubicación en estantería Fecha de adquisición Fuente de adquisición Total de préstamos Signatura topográfica completa Código de barras Visto por última vez Precio de reemplazo Tipo de ítem Koha
        Biblioteca del Ateneo de Madrid Biblioteca del Ateneo de Madrid Sala Pardo Bazán 17/01/2008     B-3681 1146536 23/02/2023 23/02/2023 Libro impreso